| 000 | 00760nam a2200205 a 4500 | ||
|---|---|---|---|
| 005 | 20210223124758.0 | ||
| 008 | 021104s2000 fr r 000 0 eng d | ||
| 035 | _aUPN01000120723 | ||
| 049 | _aUNE | ||
| 050 | 4 |
_aLB2826.6 L2 _bB6.3 |
|
| 100 | 1 |
_aBouapao, Lytou _935274 |
|
| 245 | 1 | 0 |
_aEducational financing and budgeting in Lao PDR / _cL. Bouapao, O. Sengchandavong and S. Sihavong. |
| 260 |
_aParis : _bUNESCO, International Institute for Educational Planning, _cc2000. |
||
| 300 |
_a141 p. : _btablas |
||
| 440 | 0 |
_aIIEP research and studies programme. _pFinancial management of education systems |
|
| 650 | 4 |
_aEDUCACION - _xFINANZAS - _zLAOS _915968 |
|
| 700 | 1 |
_aSengchandavong, Ovam, _ecoaut. |
|
| 700 | 1 |
_aSihavong, Siphandone, _ecoaut. |
|
| 905 | _aLibro | ||
| 999 |
_c93057 _d93057 |
||